| 000 | 01180cam a2200301 a 4500 | ||
|---|---|---|---|
| 005 | 20060727202709.0 | ||
| 008 | 970612s1997 ii b 001 0 eng | ||
| 010 | _aENG-95512 | ||
| 020 |
_a9780198063636 _c750.00 |
||
| 035 | _aEN-79045 | ||
| 037 | _bDBAD/PUB | ||
| 040 |
_aDPL _bENG |
||
| 245 |
_aGrowth and human development in North - East India / _cedited by P. Nayak |
||
| 260 |
_a New Delhi _bOxford University Press _c2010 |
||
| 270 |
_aYMCA building, Jai Singh Road _bNew Delhi _e110001 |
||
| 300 |
_axxxii, 349 p. : _c23 cm.(Hb) _b ill. |
||
| 500 | _aIncludes statistical tables. | ||
| 504 | _aIncludes bibliographical references | ||
| 520 | _a Contributed articles. | ||
| 650 |
_aSocial indicators _zIndia, Northeastern. |
||
| 650 |
_a Economic indicators _zIndia, Northeastern. |
||
| 650 |
_a Quality of life _zIndia, Northeastern. |
||
| 700 | _aNayak, P. | ||
| 856 | _uhttp://www.loc.gov/catdir/enhancements/fy0640/97900357-d.html | ||
| 942 |
_2ddc _cEN _mGRO |
||
| 999 |
_c31948 _d31948 |
||